[Event "Tilburg"]
[Site "Tilburg"]
[Date "1992.??.??"]
[Round "2"]
[White "Seirawan, Yasser"]
[Black "Ivanchuk, Vassily"]
[Result "1/2-1/2"]
[WhiteElo "2605"]
[BlackElo "2720"]

1.d4 Nf6 2.c4 e6 3.Nf3 d5 4.g3 Be7 5.Bg2 O-O 6.O-O dxc4 7.Ne5 Nc6 8.Nxc6 bxc6
9.e3 Ba6 10.Bxc6 Rb8 11.Nc3 Nd5 12.Nxd5 exd5 13.Qf3 Bb7 14.Bxb7 Rxb7 15.b3 cxb3
16.axb3 c5 17.dxc5 Bxc5 18.Ba3 Bxa3 19.Rxa3 Qd6 20.Rfa1 g6 21.Qd1 Rfb8 22.Ra6 Rb6
23.Rxb6 Qxb6 24.Qxd5 Qxb3 25.Qd4 a6 26.h4 Qb5 27.Qa7 Qb7 28.Qxb7 Rxb7 29.Rxa6 h5
30.Kg2 Rb2 31.Kf3 Kg7 32.Rd6 Ra2 33.e4 Rb2 34.Ke3 Ra2 35.Rd2 Ra5 36.Kf4 Rb5
37.Ra2 Rc5 38.Rb2 Ra5 39.Rc2 Rb5 40.Re2 Ra5 41.f3 Rb5 42.Rd2 Ra5 43.Rd5 Ra4
44.Rd2 Rb4 45.Ke3 Ra4 46.Rd4 Ra5 47.Kf4 Kf6 48.Rd5 Ra4 49.g4 hxg4 50.Kxg4 Ke6
51.Rg5 Rb4 52.h5 gxh5+ 53.Rxh5 Ra4 54.Rb5 f6 55.Kf4 Rc4 56.Rb6+ Kf7 57.Ra6 Rb4
58.Rd6 Ke7 59.Rc6 Kf7 60.Rc3 Ke6 61.Ra3 Rb5 62.Ra6+ Ke7 63.Ra8 Ke6 64.Re8+ Kf7
65.Rd8 Ke6 66.Rd5 Rxd5 67.exd5+ Kxd5 68.Kf5 Kd4 69.Kxf6 Ke3  1/2-1/2

[Event "Tilburg rapid15"]
[Site "Tilburg"]
[Date "1992.??.??"]
[Round "5"]
[White "Ftacnik, Lubomir"]
[Black "Winants, Luc"]
[Result "0-1"]
[WhiteElo "2535"]
[BlackElo "2505"]

1.d4 Nf6 2.Nf3 e6 3.c4 d5 4.g3 Be7 5.Bg2 O-O 6.O-O dxc4 7.Qc2 a6 8.a4 Bd7
9.Nbd2 Bc6 10.Nxc4 a5 11.Bd2 Be4 12.Qd1 Nc6 13.Bc3 Nb4 14.Nfe5 Bxg2 15.Kxg2 Nd7
16.e4 Nxe5 17.Nxe5 Qd6 18.Qe2 f6 19.Nc4 Qa6 20.Rfe1 Rad8 21.Rad1 Rfe8 22.b3 Bf8
23.Rd2 b6 24.Qf3 Qa8 25.g4 Nc6 26.Red1 Ne7 27.d5 Ng6 28.Kg1 e5 29.d6 Bxd6
30.Nxd6 cxd6 31.Rxd6 Nf4 32.g5 Rxd6 33.Rxd6 Qc8 34.Bd2 Qc5 35.Rd7 fxg5 36.Bxf4 exf4
37.Qd1 Qe5 38.f3 g4 39.fxg4 Qxe4 40.Qd5+ Qxd5 41.Rxd5 Re6 42.Kg2 Rc6 43.Kf3 Rc3+
44.Kxf4 Rxb3 45.Rd8+ Kf7 46.Rd7+ Kf6 47.Rd6+ Ke7 48.Rc6 Rb4+ 49.Kf5 Kd7 50.Re6 Rf4+
51.Kxf4 Kxe6 52.Ke4 Kd6 53.Kd4 g5 54.h3 Kc6 55.Kc4 b5+ 56.axb5+ Kb6 57.Kb3 Kxb5
58.Ka3 a4 59.Kb2 Kc4 60.Ka3 Kd3 61.Kxa4 Ke3 62.Kb4 Kf3 63.Kc3 Kg3 64.Kd3 Kxh3  0-1

[Event "SWE-ch op"]
[Site "Vaxjo"]
[Date "1992.??.??"]
[Round "?"]
[White "Sandstrom, Ludvig"]
[Black "Lukez, Franko"]
[Result "1/2-1/2"]
[WhiteElo "2295"]
[BlackElo "2320"]

1.d4 Nf6 2.Nf3 d5 3.c4 e6 4.g3 Be7 5.Bg2 O-O 6.O-O dxc4 7.Qc2 a6 8.a4 Bd7
9.Qxc4 Bc6 10.Bg5 Nbd7 11.Nc3 h6 12.Bf4 Nb6 13.Qd3 Nbd5 14.Bd2 Nxc3 15.Bxc3 Be4
16.Qe3 Qd5 17.Ne1 Bxg2 18.Nxg2 b5 19.Nf4 Qb3 20.axb5 axb5 21.Rxa8 Rxa8 22.Nd3 Nd5
23.Qf3 Ra4 24.Rc1 Bd6 25.e4 Nxc3 26.Rxc3 Ra1+ 27.Kg2 Qd1 28.Qxd1 Rxd1 29.Kf3 f6
30.Ke2 Rh1 31.e5 fxe5 32.dxe5 Bf8 33.Rxc7 g5 34.b4 h5 35.Rb7 Rxh2 36.Rxb5 Rh1
37.Rb7 h4 38.gxh4 gxh4 39.Rc7 h3 40.Rc4 Be7 41.Rg4+ Kf7 42.Rg3 h2 43.Rh3 Bxb4
44.Nxb4 Rb1 45.Rxh2 Rxb4 46.Ke3 Kg6 47.f4 Rb3+ 48.Ke4 Ra3 49.Rg2+ Kf7 50.Rd2 Ke7
51.Rb2 Kd7 52.Rb7+ Ke8 53.Rb4 Ke7 54.Kd4 Ra5 55.Rb7+ Kd8 56.Rb3 Ke7 57.Ke4 Ra1
58.Rb7+ Ke8 59.Kf3 Rg1 60.Rh7 Kf8 61.Rh3 Kf7 62.Rg3  1/2-1/2

[Event "Walsall"]
[Site "Walsall"]
[Date "1992.??.??"]
[Round "6"]
[White "Bellin, Jana"]
[Black "Flear, Glenn C"]
[Result "0-1"]
[WhiteElo "2205"]
[BlackElo "2505"]

1.d4 d5 2.Nf3 Nf6 3.c4 e6 4.g3 Be7 5.Bg2 O-O 6.O-O Nbd7 7.Nbd2 b6 8.Qc2 Bb7
9.a3 c5 10.dxc5 Nxc5 11.b4 Nce4 12.Bb2 Rc8 13.Ne5 Qc7 14.Rac1 Rfd8 15.Rfd1 Bd6
16.Nef3 Ba6 17.Qb1 Nxd2 18.Nxd2 Bxc4 19.e4 Qb8 20.Nxc4 dxc4 21.Rxd6 Qxd6
22.e5 Qd3 23.exf6 Qxb1 24.Rxb1 c3 25.Bc1 c2 26.Ra1 Rd1+ 27.Bf1 Rc3 28.Kg2 Rb3
29.Be2 Rb1 30.Bxd1 Rxa1 31.Bxc2 Rxc1  0-1

[Event "Warsaw op"]
[Site "Warsaw"]
[Date "1992.??.??"]
[Round "8"]
[White "Arbakov, Valentin"]
[Black "Timoshenko, Georgy"]
[Result "1/2-1/2"]
[WhiteElo "2450"]
[BlackElo "2480"]

1.d4 Nf6 2.c4 e6 3.g3 d5 4.Nf3 Be7 5.Bg2 O-O 6.O-O dxc4 7.Na3 Bxa3 8.bxa3 Nc6
9.Bb2 Bd7 10.Qc2 b5 11.Rad1 Nd5 12.e4 Nb6 13.Rfe1 f6 14.d5 exd5 15.exd5 Ne7
16.Nd4 Nexd5 17.a4 Nb4 18.Qc3 Nd3 19.axb5 Nxe1 20.Nc6 Bxc6 21.Rxd8 Raxd8
22.Bxc6 Rd1 23.a4 Kh8 24.Qa5 Nd3+ 25.Kg2 Nxb2 26.Qb4 Rfd8 27.Qxb2 Nxa4 28.Qa2 Nb6
29.Qxa7 c3 30.Be4 R1d4 31.Bc2 Rc4 32.Qa3 Ra8 33.Qe7 Nd5 34.Qf7 Rc5 35.Kf3 Nb6
36.Qe7 Rxb5 37.Qxc7 Rc8 38.Qb7 f5 39.Qa6 Rb2 40.Qd3 Rxc2 41.Qxc2 h6 42.Ke2 Rc5
43.Kd1 Nd5 44.Qa4 c2+ 45.Kc1 Nc3 46.Qa6 Kh7 47.f3 Rc6 48.Qxc6 Ne2+ 49.Kd2 c1=Q+
50.Qxc1 Nxc1 51.Kxc1 Kg6 52.Kd2 Kf6 53.Ke3 Ke5 54.Kd3 g5 55.Ke3 Kd5 56.g4 Ke5
57.gxf5  1/2-1/2

[Event "Werfen blitz"]
[Site "Werfen"]
[Date "1992.??.??"]
[Round "3"]
[White "Schmidt, Peter"]
[Black "Neckar, Lubomir"]
[Result "1-0"]
[WhiteElo "2425"]
[BlackElo "2360"]

1.d4 d5 2.c4 e6 3.Nf3 Be7 4.g3 Nf6 5.Bg2 O-O 6.O-O b6 7.Ne5 Bb7 8.cxd5 exd5
9.Nc3 Na6 10.Bg5 c5 11.Qa4 cxd4 12.Qxd4 Nc7 13.Qa4 h6 14.Be3 Bd6 15.Nc4 Be7
16.Ne5 Bd6 17.Nd3 Re8 18.Rad1 Rxe3 19.fxe3 Qe7 20.Kh1 Qxe3 21.Nf2 h5 22.Rd3 Qe7
23.Qh4 Be5 24.g4 Re8 25.g5 Nh7 26.Qxh5 Nxg5 27.Ng4 Bxc3 28.bxc3 Nce6 29.Rg3 d4
30.h4 Bxg2+ 31.Rxg2  1-0

[Event "Werfen op"]
[Site "Werfen"]
[Date "1992.??.??"]
[Round "4"]
[White "Tratar, Marko"]
[Black "Gorelov, Sergey G"]
[Result "1/2-1/2"]
[WhiteElo "2315"]
[BlackElo "2475"]

1.d4 Nf6 2.c4 e6 3.Nf3 d5 4.g3 Be7 5.Bg2 O-O 6.O-O dxc4 7.Qc2 a6 8.Qxc4 b5
9.Qc2 Bb7 10.Bd2 Be4 11.Qc1 Nbd7 12.Ba5 Ra7 13.Nbd2 Bd5 14.Ne1 Nb8 15.Ndf3 b4
16.a3 bxa3 17.bxa3 Nc6 18.Bc3 Ne4 19.Bd2 Bf6 20.e3 Qa8 21.Rb1 Rd8 22.Bb4 h6
23.Bc5 Rb7 24.Rxb7 Qxb7 25.Nd2 Nxd2 26.Qxd2 Bxg2 27.Nxg2 Ne5 28.Ne1 Nd7 29.Nd3 e5
30.Qb4 Qd5  1/2-1/2

[Event "Werfen op"]
[Site "Werfen"]
[Date "1992.??.??"]
[Round "6"]
[White "Djurkovic, Maks"]
[Black "Gorelov, Sergey G"]
[Result "0-1"]
[WhiteElo "2220"]
[BlackElo "2475"]

1.d4 Nf6 2.Nf3 d5 3.c4 e6 4.g3 Be7 5.Bg2 O-O 6.O-O dxc4 7.Ne5 Nc6 8.Nxc6 bxc6
9.Na3 Bxa3 10.Bxc6 Rb8 11.bxa3 Nd5 12.Qa4 Rb6 13.e4 Ne7 14.Bb5 Bb7 15.Re1 Qxd4
16.Bg5 Ng6 17.Rab1 Ne5 18.Re3 a6 19.Be7 axb5 20.Qc2 Re8 21.Bb4 Nd3 22.Bc3  0-1

[Event "Werfen op"]
[Site "Werfen"]
[Date "1992.??.??"]
[Round "7"]
[White "Stajcic, Nikola"]
[Black "Korneev, Oleg"]
[Result "0-1"]
[WhiteElo "2300"]
[BlackElo "2475"]

1.d4 Nf6 2.Nf3 d5 3.c4 e6 4.g3 Be7 5.Bg2 O-O 6.O-O dxc4 7.Qc2 a6 8.a4 Bd7
9.Ne5 Bc6 10.Nxc6 Nxc6 11.e3 Na5 12.Nd2 c5 13.dxc5 Rc8 14.b4 cxb3 15.Nxb3 Nd5
16.Ba3 Nxb3 17.Qxb3 Bxc5 18.Qxb7 Bxa3 19.Rxa3 Qa5 20.Bxd5 Rc7 21.Qb3 exd5
22.Rb1 Rc4 23.Ra2 Qc5 24.Qb6 Qc8 25.a5 Rd8 26.Rd2 h5 27.h4 Rc6 28.Qd4 Rc5
29.Ra2 Rc4 30.Qe5 Qg4 31.Rb8 Rc1+ 32.Kg2 Rxb8 33.Qxb8+ Kh7 34.Qb3 Qe4+ 35.f3 Qe5
36.Qd3+ g6 37.Kf2 d4 38.Re2 dxe3+ 39.Qxe3 Qa1 40.Kg2 Rh1 41.Qf2 Rb1 42.Qa7 Kg7
43.Rd2 Rb5 44.Qe7 Rxa5 45.Rc2 Ra3 46.Qe2 a5 47.Rb2 Re3 48.Qd2 Rd3 49.Qe2 Rd1
50.Qf2 Rg1+ 51.Kh2 Rf1 52.Qd4+ Kh7 53.Kg2 Rg1+ 54.Qxg1 Qxb2+ 55.Kh3 a4 56.Qa7 Qb3
57.f4 a3 58.Qe7  0-1

[Event "Werfen op"]
[Site "Werfen"]
[Date "1992.??.??"]
[Round "9"]
[White "Piven, Igor"]
[Black "Korneev, Oleg"]
[Result "0-1"]
[WhiteElo "2320"]
[BlackElo "2475"]

1.d4 Nf6 2.Nf3 d5 3.c4 e6 4.g3 Be7 5.Bg2 O-O 6.Qc2 a6 7.Nbd2 c6 8.O-O Nbd7
9.e4 b5 10.c5 a5 11.e5 Nh5 12.Re1 g6 13.Nf1 b4 14.a3 bxa3 15.Rxa3 Ba6 16.Bd2 Bb5
17.b3 Ng7 18.Ne3 f6 19.exf6 Rxf6 20.Ng4 Rf8 21.Rea1 Nf6 22.Nge5 Nf5 23.Rxa5 Rxa5
24.Bxa5 Qc8 25.Bd2 Ne4 26.Be3 Bf6 27.Nd3 Bxd3 28.Qxd3 Nxc5 29.Qc2 Nb7 30.Rc1 Nd8
31.Bf1 Nxe3 32.fxe3 Bg7 33.Kg2 Qd7 34.Bd3 Qf7 35.Rf1 Qe7 36.e4 Qb4 37.e5 Rf7
38.h4 Rb7 39.h5 Qxb3 40.hxg6 hxg6 41.Qxb3 Rxb3 42.Bxg6 Bf8 43.Ra1 Kg7 44.Be8 Ba3
45.g4 c5 46.dxc5 Bxc5 47.Rc1 Bb6 48.g5 d4 49.g6 d3 50.Ng5 d2 51.Rd1 Be3 52.Ne4 Bh6
53.Nc5 Rc3 54.Ne4 Rc1 55.Nf2 Nb7 56.Bf7 Nc5 57.Kf3 Na4  0-1

[Event "Hoogovens-B"]
[Site "Wijk aan Zee"]
[Date "1992.??.??"]
[Round "10"]
[White "Tukmakov, Vladimir B"]
[Black "Winants, Luc"]
[Result "1/2-1/2"]
[WhiteElo "2535"]
[BlackElo "2515"]

1.d4 Nf6 2.c4 e6 3.g3 d5 4.Bg2 Be7 5.Nf3 O-O 6.Qc2 b6 7.cxd5 exd5 8.O-O c5
9.Nc3 Na6 10.Rd1 Bb7 11.a3 Qc8 12.Bf4 Rd8 13.Rac1 h6 14.Ne5 Qe6 15.dxc5 bxc5
16.Nc4 Rac8 17.Nb5 g5 18.Be5 Ng4 19.Bd6 Bxd6 20.Nbxd6 Rxd6 21.Nxd6 Qxd6 22.e4 Nf6
23.exd5 Nb8 24.Qa4 a6 25.b4  1/2-1/2

[Event "Wisla BES op"]
[Site "Wisla"]
[Date "1992.??.??"]
[Round "1"]
[White "Gleizerov, Evgeny"]
[Black "Sikora Gizynska, Bozena"]
[Result "1-0"]
[WhiteElo "2525"]
[BlackElo "2225"]

1.d4 Nf6 2.c4 e6 3.g3 d5 4.Bg2 Be7 5.Nf3 O-O 6.O-O c6 7.Nc3 b6 8.Ne5 Bb7
9.e4 dxc4 10.Nxc4 Ba6 11.b3 b5 12.Ne5 b4 13.Ne2 Bxe2 14.Qxe2 Qxd4 15.Bb2 Qb6
16.Rac1 Rc8 17.Rfd1 a5 18.g4 Ra7 19.Qf3 Nbd7 20.Rxd7 Rxd7 21.g5 Ra7 22.gxf6 Bxf6
23.Nc4 Qd8 24.Rd1 Qe7 25.e5 Bg5 26.Nd6 Rcc7 27.Ne4 c5 28.Qg4 Bh6 29.Rd3 Kh8
30.Rh3 a4 31.Nf6 Qf8 32.Bc1 Rc8 33.Bxh6 gxh6 34.Qe4  1-0

[Event "Wisla BES op"]
[Site "Wisla"]
[Date "1992.??.??"]
[Round "7"]
[White "Wojtkiewicz, Aleksander"]
[Black "Gorelov, Sergey G"]
[Result "0-1"]
[WhiteElo "2495"]
[BlackElo "2435"]

1.Nf3 Nf6 2.c4 e6 3.g3 d5 4.Bg2 Be7 5.d4 O-O 6.Nc3 Nbd7 7.b3 dxc4 8.bxc4 c5
9.O-O cxd4 10.Nxd4 Ne5 11.Rb1 Nxc4 12.Bxb7 Bxb7 13.Rxb7 Bc5 14.Nb3 Bb6 15.Qxd8 Rfxd8
16.Bf4 Ne8 17.Nb5 e5 18.Bc1 f6 19.Re7 a6 20.Na3 Ncd6 21.Be3 Bxe3 22.fxe3 Ne4
23.Rc1 N8d6 24.Kg2 Rac8 25.Rec7 Rxc7 26.Rxc7 Rc8 27.Rxc8+ Nxc8 28.Nb1 Kf7
29.Kf3 Ncd6 30.N1d2 Nxd2+ 31.Nxd2 Ke6 32.e4 Nb5 33.Ke3 Kd6 34.Nb3 Nc3 35.a3 Nb5
36.a4 Nc3 37.a5 Kc6 38.Kd3 Nb5 39.Nd2 Nd6 40.Nc4 Nb7 41.g4 Kb5 42.Kc3 Nc5
43.Nd6+ Kc6 44.Nf5 Nxe4+ 45.Kb4 g6 46.Ne7+ Kd6 47.Nc8+ Kd7 48.Nb6+ Kc6 49.Nc4 Nd6
50.Ne3 f5 51.g5 f4 52.Ng4 Kd5 53.Nf6+ Kd4 54.Nxh7 e4 55.Nf8 f3 56.Ne6+ Ke3
57.exf3 exf3  0-1

[Event "Andorra op"]
[Site "Andorra"]
[Date "1993.??.??"]
[Round "7"]
[White "Antunes, Antonio"]
[Black "Flear, Glenn C"]
[Result "1/2-1/2"]
[WhiteElo "2425"]
[BlackElo "2500"]

1.Nf3 d5 2.d4 Nf6 3.c4 e6 4.g3 Be7 5.Bg2 O-O 6.O-O Nbd7 7.Qc2 c6 8.Nbd2 b6
9.e4 Ba6 10.b3 Rc8 11.Rd1 c5 12.exd5 exd5 13.Bb2 Re8 14.Rac1 cxd4 15.Nxd4 b5
16.Qb1 bxc4 17.bxc4 Ne5 18.cxd5 Rxc1 19.Rxc1 Nxd5 20.Qe4 Bb4 21.Qxd5 Bxd2
22.Rd1  1/2-1/2

[Event "AUT-chT"]
[Site "?"]
[Date "1993.??.??"]
[Round "?"]
[White "Fauland, Alexander"]
[Black "Brestian, Egon"]
[Result "1/2-1/2"]
[WhiteElo "2425"]
[BlackElo "2450"]

1.Nf3 Nf6 2.d4 d5 3.c4 e6 4.g3 Be7 5.Bg2 O-O 6.O-O b6 7.Nc3 Bb7 8.Ne5 Nc6
9.Bf4 Na5 10.Rc1 c6 11.cxd5 cxd5 12.a3 Rc8 13.b4 Nc6 14.Qa4 Nxd4 15.e3 Nc6
16.Nxc6 Rxc6 17.Nb5 Qd7 18.Be5 a6 19.Nc3 Rfc8 20.Rfd1 b5 21.Qb3 Qe8 22.Bd4 Ne4
23.Bxe4 dxe4 24.Rc2 Bf8 25.Rcd2 Rd6 26.Ne2 Rcd8 27.Qb2 e5 28.Bc5 Rd3 29.Nc1 Qc6
30.Bxf8 Kxf8 31.Nb3 Qd5 32.Qc2 Qc4 33.Rxd3 exd3 34.Qxc4 bxc4 35.Nc5 Bf3 36.Rd2 f6
37.h3 Ke7 38.Na4 a5 39.b5 Rb8 40.Nc3 Kd6 41.g4 Kc5 42.Rb2 Rd8 43.Kf1 h5 44.gxh5 Rh8
45.Ke1 Rxh5 46.Kd2 Rxh3 47.Na4+ Kd6 48.Kc3 Rh1 49.b6 Rc1+ 50.Kd2 Rd1+ 51.Kc3 Rc1+
52.Kd2 Rc2+ 53.Rxc2 dxc2 54.Kxc2 Kc6 55.Kc3 Bd5 56.e4 Bf7 57.Kd2 Kb7 58.Kc3 Ka6
59.Kd2 Be8 60.Nb2 Bf7 61.Na4 Kb7 62.Kc3 Kc6 63.Kd2 Bh5 64.Nb2 Kxb6 65.Nxc4+ Kb5
66.Kc3 Ka4 67.Kb2 Bg4 68.Nd6 Bd7 69.Ka2 g6 70.Kb2 Be6 71.Ne8 f5 72.exf5 gxf5
73.Nd6 e4 74.Ne8 f4 75.Nf6 e3 76.fxe3 fxe3 77.Ne4 Kb5 78.Kc3 e2 79.Kd2 Bg4
80.Nc3+ Kc4 81.Nxe2 Kb3 82.Kc1  1/2-1/2

[Event "Avoine Ronde op"]
[Site "Avoine"]
[Date "1993.??.??"]
[Round "?"]
[White "Bodicker, Rob"]
[Black "Celette, Robert"]
[Result "1-0"]
[WhiteElo "2105"]
[BlackElo "2020"]

1.d4 Nf6 2.c4 e6 3.g3 d5 4.Bg2 Be7 5.Nf3 O-O 6.O-O dxc4 7.Qc2 a6 8.Qxc4 b5
9.Qc2 Bb7 10.Bd2 Nbd7 11.Ba5 Bd6 12.Nbd2 Qb8 13.e4 e5 14.dxe5 Nxe5 15.Nxe5 Bxe5
16.Nb3 Bd6 17.Bc3 Ng4 18.Na5 Be5 19.h3 Bxc3 20.Qxc3 Nf6 21.Nxb7 Qxb7 22.e5 Nd5
23.Qc5 c6 24.Rfd1 Rfd8 25.Rac1 Rac8 26.h4 Qe7 27.Rxd5  1-0

[Event "Badalona op"]
[Site "Badalona"]
[Date "1993.??.??"]
[Round "3"]
[White "Marin, Mihail"]
[Black "Glimbrant, Torbjorn"]
[Result "1-0"]
[WhiteElo "2515"]
[BlackElo "2240"]

1.d4 d5 2.c4 e6 3.Nf3 Nf6 4.g3 Be7 5.Bg2 O-O 6.O-O dxc4 7.Qc2 a6 8.Qxc4 b5
9.Qc2 Bb7 10.Bd2 Be4 11.Qc1 Bb7 12.Rd1 Qc8 13.Bf4 c5 14.dxc5 Qxc5 15.Nbd2 Nbd7
16.Nb3 Qxc1 17.Raxc1 Rfc8 18.Bc7 Bd5 19.Nfd4 Nc5 20.Be5 Bxg2 21.Kxg2 Nfd7
22.Nxc5 Nxe5 23.Nb7 Kf8 24.b3 Ba3 25.Rc2 Rab8 26.Na5 Rxc2 27.Nxc2 Be7 28.f4 Rc8
29.Nd4 Bb4 30.Nb7 Nc6 31.Rc1 Ne7 32.Rxc8+ Nxc8 33.Nc6 Bc3 34.Nc5 Ke8 35.Nxa6 Kd7
36.Ncb4 Nd6 37.Kf3 f5 38.Nc5+ Ke7 39.Nc6+ Kf6 40.a4 bxa4 41.bxa4 Nc4 42.e4 e5
43.exf5 Nd2+ 44.Ke3 exf4+ 45.Kxf4 g5+ 46.fxg6 hxg6 47.a5 g5+ 48.Kg4 Kg6 49.a6  1-0

[Event "Baden-Baden op"]
[Site "Baden-Baden"]
[Date "1993.??.??"]
[Round "2"]
[White "Krasenkow, Michal"]
[Black "Eberlein, Wolfgang"]
[Result "1-0"]
[WhiteElo "2595"]
[BlackElo "2260"]

1.d4 Nf6 2.c4 e6 3.Nf3 d5 4.g3 Be7 5.Bg2 O-O 6.O-O c6 7.Qc2 b6 8.Nbd2 Bb7
9.e4 Na6 10.a3 c5 11.e5 Nd7 12.dxc5 Qc7 13.cxb6 axb6 14.Re1 Rfc8 15.b3 b5
16.Rb1 Rab8 17.b4 bxc4 18.Qc3 Bc6 19.Nd4 Ba4 20.f4 Qb6 21.Kh1 g6 22.Bb2 Nxb4
23.Ba1 Na2 24.Rxb6 Nxc3 25.Rxb8 Rxb8 26.Bxc3 Bxa3 27.Rb1 Rxb1+ 28.Nxb1 Bf8
29.Kg1 Nc5 30.Kf2 h6 31.Ke3 Be7 32.Bb4 Kf8 33.Nc3 Bd7 34.Bxd5 exd5 35.Nxd5 Ke8
36.Nxe7  1-0

[Event "Baden-Baden op"]
[Site "Baden-Baden"]
[Date "1993.??.??"]
[Round "6"]
[White "Kachiani Gersinska, Ketino"]
[Black "Solomunovic, Igor"]
[Result "1/2-1/2"]
[WhiteElo "2410"]
[BlackElo "2330"]

1.d4 Nf6 2.c4 e6 3.g3 d5 4.Nf3 Be7 5.Bg2 O-O 6.O-O c6 7.Qc2 Nbd7 8.b3 b6
9.Rd1 a5 10.Nc3 Ba6 11.Nd2 Rc8 12.e4 c5 13.exd5 cxd4 14.dxe6 fxe6 15.Nce4 Nc5
16.Ba3 Nfd7 17.Re1 e5 18.Rad1 Kh8 19.h4 h6 20.Bxc5 bxc5 21.Re2 Qb6 22.Nf3 Rcd8
23.Ne1 Nb8 24.Nd3 Nc6 25.Nd2 Bd6 26.Qb1 Bc8 27.Be4 Ne7 28.Rde1 Bg4 29.f3 Bc8
30.Kg2 Qc7 31.h5 Rde8 32.g4 Bd7 33.a3 Rf6 34.b4 axb4 35.axb4 Rb8 36.Qc1 Qc8
37.bxc5 Bc7 38.Kg3 Qf8 39.Qa3 Nc6 40.Kg2 Qc8 41.Nf1 Na5 42.c6 Rxc6 43.Nxe5 Bxe5
44.Bxc6 Bxc6 45.Rxe5 Nxc4 46.Re8+ Bxe8 47.Qf8+ Kh7 48.Re7 Qxg4+ 49.fxg4 Bc6+
50.Qf3 Bxf3+ 51.Kxf3 Rf8+ 52.Ke2 d3+ 53.Kxd3 Rxf1 54.Kxc4 Rf4+ 55.Kd5 Rxg4
56.Re5 Rg5 57.Ke4 Rg1 58.Kf4 Kg8 59.Rf5 Rb1  1/2-1/2

[Event "Bagneux"]
[Site "Bagneux"]
[Date "1993.??.??"]
[Round "8"]
[White "Urban, Klaudiusz"]
[Black "De Sousa, Jose"]
[Result "1-0"]
[WhiteElo "2450"]
[BlackElo "2275"]

1.d4 e6 2.c4 Nf6 3.g3 d5 4.Bg2 Be7 5.Nf3 O-O 6.O-O dxc4 7.Qc2 a6 8.a4 Bd7
9.Ne5 Bc6 10.Nxc6 Nxc6 11.e3 a5 12.Qxc4 Nd5 13.Nc3 Ncb4 14.Rd1 c6 15.Qe2 Qb6
16.e4 Nf6 17.Be3 Qa6 18.Qxa6 Rxa6 19.Bf4 h6 20.d5 cxd5 21.exd5 Nfxd5 22.Nxd5 exd5
23.Bxd5 Nxd5 24.Rxd5 Rd8 25.Rb5 Rd7 26.Rc1 Bd8 27.Be3 Rc6 28.Rxc6 bxc6 29.Rb8 Kh7
30.Kf1 Bf6 31.Ke2 Rd5 32.Rb6 h5 33.b3 Rd6 34.Bd2 Bd4 35.Ra6 Bxf2 36.Bf4 Rf6
37.Rxa5 Bg1 38.Rxh5+ Kg8 39.h3 c5 40.Rd5 Rb6 41.Rd8+ Kh7 42.Rb8 Re6+ 43.Kd3 Bh2
44.Rb5 Bg1 45.Rb7 f6 46.Kc4 Kg8 47.Kb5 g5 48.Bc7 Re3 49.Kc6 f5 50.a5 Re6+
51.Kb5 Re3 52.a6 Rxb3+ 53.Kc4 Rb4+ 54.Rxb4 cxb4 55.Kxb4 Kf7 56.Kb5 f4 57.gxf4 gxf4
58.Bxf4 Kg6 59.Bc7 Ba7 60.Bb6 Bb8 61.Kc6  1-0

[Event "Balatonbereny op"]
[Site "Balatonbereny"]
[Date "1993.??.??"]
[Round "6"]
[White "Kustar, Sandor"]
[Black "Csoke, Adrienn"]
[Result "1-0"]
[WhiteElo "2335"]
[BlackElo "2235"]

1.Nf3 e6 2.g3 Nf6 3.c4 d5 4.d4 Be7 5.Bg2 O-O 6.O-O c6 7.Nbd2 Nbd7 8.b3 b6
9.Bb2 Bb7 10.e3 Rc8 11.Qe2 Qc7 12.Rac1 Qb8 13.Ne5 dxc4 14.Nxd7 Nxd7 15.bxc4 Rfd8
16.e4 Nf8 17.Rfd1 Rd7 18.Nf1 Rcd8 19.Ne3 Bf6 20.e5 Be7 21.f4 Ng6 22.h4 Bf8
23.f5 exf5 24.Nxf5 Ne7 25.Nd6 Ba8 26.Nxf7 Kxf7 27.e6+ Kg8 28.exd7 Qxg3 29.Qe6+ Kh8
30.Rf1 Qxh4 31.Rce1 Ng8 32.Re4  1-0

[Event "Barbera op"]
[Site "Barbera"]
[Date "1993.??.??"]
[Round "8"]
[White "Pomes Marcet, Juan"]
[Black "Glimbrant, Torbjorn"]
[Result "1/2-1/2"]
[WhiteElo "2410"]
[BlackElo "2245"]

1.d4 Nf6 2.c4 e6 3.g3 d5 4.Bg2 Be7 5.Nf3 O-O 6.O-O dxc4 7.Qc2 a6 8.a4 Bd7
9.Ne5 Bc6 10.Nxc6 Nxc6 11.e3 Na5 12.Nd2 c5 13.dxc5 Qc7 14.b4 cxb3 15.Nxb3 Nxb3
16.Qxb3 Rab8 17.Ba3 Nd7 18.c6 bxc6 19.Qc4 Nb6 20.Qxc6 Qxc6 21.Bxc6 Bxa3 22.Rxa3 Rfc8
23.Bg2 Kf8 24.Rd1  1/2-1/2

[Event "Barcelona op9394"]
[Site "Barcelona"]
[Date "1993.??.??"]
[Round "3"]
[White "Marin, Mihail"]
[Black "Arias, Rodolfo"]
[Result "1-0"]
[WhiteElo "2515"]
[BlackElo "2180"]

1.d4 Nf6 2.c4 e6 3.g3 d5 4.Bg2 Be7 5.Nf3 Nbd7 6.O-O O-O 7.Qc2 c6 8.b3 b6
9.Rd1 Ba6 10.Nbd2 Rc8 11.e4 dxe4 12.Nxe4 Nxe4 13.Qxe4 Bf6 14.Bf4 Qe7 15.Ne5 Bb7
16.b4 Ba8 17.Qe3 Rfd8 18.c5 Bxe5 19.dxe5 h6 20.h4 bxc5 21.bxc5 Nxc5 22.Qa3 Kf8
23.Be3 Nd7 24.Qxa7 c5 25.Rac1 Bxg2 26.Kxg2 c4 27.Rc3 Ra8 28.Qc7 Rac8 29.Qa7 Ra8
30.Qc7 Rac8 31.Qa5 Kg8 32.Rd4 Ra8 33.Qc7 Rac8 34.Qb7 Rb8 35.Qc7 Rbc8 36.Qb7 Rb8
37.Qe4 Rb5 38.a4 Rd5 39.Rxd5 exd5 40.Qxd5 Nxe5 41.Qe4 Rc8 42.Bf4 Ng6 43.Rxc4 Nxf4+
44.Qxf4 Ra8 45.Qe4 Qd8 46.Qc6 Qa5 47.Qb5 Qe1 48.Qd5 Rb8 49.a5 Qa1 50.Rc7 Rf8
51.Ra7 Qf6 52.a6  1-0

[Event "Lvov-Belgrade"]
[Site "Belgrade"]
[Date "1993.??.??"]
[Round "1"]
[White "Vidoniak, Roman"]
[Black "Ostojic, Nikola"]
[Result "1/2-1/2"]
[WhiteElo "2360"]
[BlackElo "2450"]

1.d4 Nf6 2.c4 e6 3.g3 d5 4.Bg2 Be7 5.Nf3 O-O 6.Nc3 Nbd7 7.O-O c6 8.b3 b6
9.Qc2 Ba6 10.Nd2 b5 11.Rd1 Qa5 12.e4 dxc4 13.bxc4 bxc4 14.Nf1 e5 15.dxe5 Nxe5
16.Bd2 Qa3 17.Bc1 Qa5 18.Bd2 Nd3 19.Nd5 Qd8 20.Ba5  1/2-1/2

[Event "Berliner Sommer"]
[Site "Berlin"]
[Date "1993.??.??"]
[Round "?"]
[White "Urban, Klaudiusz"]
[Black "Delander, Adolf"]
[Result "0-1"]
[WhiteElo "2440"]
[BlackElo "2330"]

1.d4 Nf6 2.c4 e6 3.g3 d5 4.Bg2 Be7 5.Nf3 O-O 6.O-O b6 7.cxd5 exd5 8.Nc3 Bb7
9.Ne5 c6 10.Qa4 b5 11.Qc2 Qb6 12.Rd1 Rd8 13.Bf4 Nbd7 14.Nxd7 Rxd7 15.Qb3 a5
16.a3 a4 17.Qc2 h6 18.Bh3 Rdd8 19.Rac1 Bc8 20.Bg2 Be6 21.h3 Rac8 22.Be3 Ne8
23.Bf4 c5 24.Be3 c4 25.Re1 Bf8 26.Qd2 Qb7 27.Rcd1 f5 28.f3 Nf6 29.Bf2 Qd7
30.Kh2 b4 31.axb4 Bxb4 32.Ra1 Ra8 33.Qc2 a3 34.bxa3 Bxa3 35.e4 Bb4 36.Rxa8 Rxa8
37.exd5 Nxd5 38.Rxe6 Nxc3 39.Qxf5 Ra2 40.Be3 Re2 41.f4 Rxe3 42.d5 Re2 43.g4 Rxg2+
44.Kxg2 Nxd5 45.Kf3 Ne7 46.Qe4 Kf7 47.f5 Qd1+ 48.Kg2 Qd2+ 49.Kf3 Qd3+ 50.Qxd3 cxd3
51.Re4 d2 52.Rd4 Nc6 53.Rd5 Kf6 54.Rd4 Ne5+ 55.Ke2 Bc3 56.Rd6+ Kg5 57.Rd5 Kh4
58.Rc5 Bd4 59.Rd5 Nf3 60.f6 gxf6  0-1

[Event "Biel Interzonal"]
[Site "Biel"]
[Date "1993.??.??"]
[Round "4"]
[White "Khalifman, Alexander"]
[Black "Lautier, Joel"]
[Result "1-0"]
[WhiteElo "2645"]
[BlackElo "2620"]

1.d4 d5 2.c4 e6 3.Nf3 Nf6 4.g3 Be7 5.Bg2 O-O 6.O-O dxc4 7.Qc2 a6 8.a4 Bd7
9.Qxc4 Bc6 10.Bg5 Bd5 11.Qd3 Be4 12.Qe3 Bc6 13.Nc3 Nbd7 14.Qd3 Bb4 15.Rfe1 h6
16.Bf4 Rc8 17.Qc2 b6 18.e4 Bb7 19.Rad1 Re8 20.Ne5 Nxe5 21.Bxe5 Nd7 22.Bf4 Qe7
23.Re2 c5 24.d5 e5 25.Be3 Qd6 26.Bh3 Rc7 27.Nb1 Bc8 28.Nd2 b5 29.Nf3 c4 30.Nh4 g6
31.Bxh6 Nc5 32.Bxc8 Rexc8 33.axb5 axb5 34.Nf3 Ra8 35.Bd2 Ra4 36.Kg2 Nd3 37.Bxb4 Rxb4
38.Rxd3 cxd3 39.Qxd3 f6 40.Qa3 Qc5 41.Nh4 Kh7 42.Qf3 Qd6 43.b3 Qa6 44.Rd2 Rd4
45.Rxd4 exd4 46.Qf4 Qb6 47.d6 Rf7 48.Qg4 Rg7 49.Qh3 d3 50.Nf5+ Kg8 51.Nxg7 Qxd6
52.Ne8 Qd4 53.Nxf6+ Kf7 54.Qh7+ Ke6 55.Qxg6 d2 56.Nd5+ Kd7 57.Qf7+  1-0

[Event "Biel Interzonal"]
[Site "Biel"]
[Date "1993.??.??"]
[Round "12"]
[White "Lputian, Smbat G"]
[Black "Georgiev, Kiril"]
[Result "1-0"]
[WhiteElo "2565"]
[BlackElo "2660"]

1.d4 Nf6 2.c4 e6 3.Nf3 d5 4.g3 Be7 5.Bg2 O-O 6.O-O dxc4 7.Qc2 a6 8.a4 Bd7
9.Qxc4 Bc6 10.Bg5 a5 11.Nc3 Nfd7 12.Bxe7 Qxe7 13.e4 Na6 14.Rfd1 Rfd8 15.b3 Nb6
16.Qe2 Be8 17.Qb2 Rac8 18.Ne5 f6 19.Nc4 Nxc4 20.bxc4 Qb4 21.Rab1 Qxc4 22.Bf1 Qb4
23.Qc1 Qe7 24.Rxb7 Nb4 25.d5 Rb8 26.d6 Qf8 27.dxc7 Rxd1 28.Qxd1 Rc8 29.Qd8  1-0

[Event "Bled op"]
[Site "Bled"]
[Date "1993.??.??"]
[Round "?"]
[White "Kozul, Zdenko"]
[Black "Zarko, I."]
[Result "1-0"]
[WhiteElo "2550"]
[BlackElo "2150"]

1.d4 Nf6 2.Nf3 d5 3.c4 e6 4.g3 Be7 5.Bg2 O-O 6.O-O c6 7.Qc2 Nbd7 8.Nbd2 a5
9.e4 dxe4 10.Nxe4 Nxe4 11.Qxe4 Nf6 12.Qe2 Qb6 13.Rd1 Rd8 14.Bf4 a4 15.Rd2 Bb4
16.Rd3 Qa6 17.Qc2 Bd7 18.Ne5 Be8 19.g4 a3 20.bxa3 Bxa3 21.Rh3 g6 22.Bg5 Be7
23.Qd2 Qb6 24.Rd1 Ra5 25.Rd3 Qc7 26.Qf4 Kg7 27.Bh6+ Kg8 28.Nxg6 Qxf4 29.Nxe7+ Kh8
30.Bxf4 Nxg4 31.Bc7  1-0

[Event "Bratislava op"]
[Site "Bratislava"]
[Date "1993.??.??"]
[Round "5"]
[White "Mochalov, Evgeny V"]
[Black "Lobach, Pavel V"]
[Result "1-0"]
[WhiteElo "2420"]
[BlackElo "2290"]

1.d4 d5 2.c4 e6 3.Nf3 Nf6 4.g3 Be7 5.Bg2 O-O 6.O-O c6 7.Nc3 b6 8.b3 Nbd7
9.Nd2 Bb7 10.e4 dxe4 11.Ndxe4 Nxe4 12.Nxe4 Nf6 13.Be3 Qc8 14.Qc2 c5 15.Rad1 Nxe4
16.Bxe4 Bxe4 17.Qxe4 cxd4 18.Bxd4 Rd8 19.Rd3 f6 20.Rfd1 e5 21.Be3 Qc7 22.Qg4 Qc6
23.Rd7 Rxd7 24.Rxd7 Kf8 25.Rd5 Rd8 26.Qe4 Rxd5 27.cxd5 Qb5 28.d6 Bxd6 29.Qa8+ Qe8
30.Qxa7 b5 31.a4 Qc6 32.a5 Qe4 33.Qd7 Qb1+ 34.Kg2 Qe4+ 35.Kh3 Be7 36.a6 f5
37.Qc8+ Kf7 38.Qb7 Qd3 39.Kg2 e4 40.Qc8 g6 41.a7 Qd1 42.h3 Bd6 43.Qd7+ Kf6
44.a8=Q Qf3+ 45.Kh2 Bxg3+ 46.Kg1  1-0